Fundamentals of Information Technology (Record no. 128)

MARC details
000 -LEADER
fixed length control field 00432nam a22001697a 4500
005 - DATE AND TIME OF LATEST TRANSACTION
control field 20180131153857.0
008 - FIXED-LENGTH DATA ELEMENTS--GENERAL INFORMATION
fixed length control field 160427b xxu||||| |||| 00| 0 eng d
020 ## - INTERNATIONAL STANDARD BOOK NUMBER
ISBN 97881820-92211
041 ## - LANGUAGE CODE
Language code of text/sound track or separate title eng
082 ## - DEWEY DECIMAL CLASSIFICATION NUMBER
Item number 00419
Classification number 004
100 ## - MAIN ENTRY--AUTHOR NAME
Personal name Leon, Alexis
245 ## - TITLE STATEMENT
Title Fundamentals of Information Technology
260 ## - PUBLICATION, DISTRIBUTION, ETC. (IMPRINT)
Place of publication Chennai
Name of publisher Leon Vilas Pub,
Year of publication 1999
300 ## - PHYSICAL DESCRIPTION
Number of Pages 359
650 ## - SUBJECT ADDED ENTRY--TOPICAL TERM
Topical Term Information Technology
942 ## - ADDED ENTRY ELEMENTS (KOHA)
Koha item type Books
Holdings
Lost status Damaged status Collection code Home library Current library Shelving location Date acquired Source of acquisition Cost, normal purchase price Full call number Accession Number Koha item type
    CS/IT JRU Library JRU Library SHELF-48-E 27/04/2016 PURCHASE 310.00 004 00419 Books
    CS/IT JRU Library JRU Library SHELF-48-D 27/04/2016 PURCHASE 310.00 004 00420 Books
    CS/IT JRU Library JRU Library SHELF-48-E 27/04/2016 PURCHASE 310.00 004 00421 Books
    CS/IT JRU Library JRU Library SHELF-48-E 27/04/2016 PURCHASE 310.00 004 00422 Books